000 00530nam a2200181Ia 4500
005 20250508153059.0
008 008 250505s9999 xx 000 0 eng d
037 _aTextual
040 _aFEDL
_beng
_cFEDL
041 _aeng
_2eng
084 _a294.3, LIN
_qFEDL
100 _aLing T. O.
245 0 _aBuddhism and the mythology of evil : A study in theravada buddhism
260 _aLondon, UK
_bGeorge Allen and Unwin Ltd.
_c1962
300 _a179p.
942 _cTEXL
_h294.3, LIN
999 _c1340578
_d1340578